social work and human development/ (Record no. 9080)

MARC details
000 -LEADER
fixed length control field 00648nam a22002177a 4500
003 - CONTROL NUMBER IDENTIFIER
control field OSt
005 - DATE AND TIME OF LATEST TRANSACTION
control field 20240705114901.0
008 - FIXED-LENGTH DATA ELEMENTS--GENERAL INFORMATION
fixed length control field 240705b |||||||| |||| 00| 0 eng d
020 ## - INTERNATIONAL STANDARD BOOK NUMBER
International Standard Book Number 1903300835
040 ## - CATALOGING SOURCE
Transcribing agency must
082 ## - DEWEY DECIMAL CLASSIFICATION NUMBER
Classification number 361.3 CRA 2003
100 ## - MAIN ENTRY--PERSONAL NAME
Personal name Crawford ,karin
9 (RLIN) 18475
245 ## - TITLE STATEMENT
Title social work and human development/
Statement of responsibility, etc. Karim Crawford and Janet Walker.
260 ## - PUBLICATION, DISTRIBUTION, ETC. (IMPRINT)
Place of publication, distribution, etc. Exeter:
Name of publisher, distributor, etc. Learning matters ltd;
Date of publication, distribution, etc. c2003.
300 ## - PHYSICAL DESCRIPTION
Extent xi,140p.:
Other physical details ill.;
Dimensions 25cm.
440 ## - SERIES STATEMENT/ADDED ENTRY--TITLE
Title Transforming social work practice.
9 (RLIN) 18476
504 ## - BIBLIOGRAPHY, ETC. NOTE
Bibliography, etc Includes References and index.
650 ## - SUBJECT ADDED ENTRY--TOPICAL TERM
Source of heading or term Social work
700 ## - ADDED ENTRY--PERSONAL NAME
Personal name Walker,Janet
9 (RLIN) 18477
942 ## - ADDED ENTRY ELEMENTS (KOHA)
Source of classification or shelving scheme Dewey Decimal Classification
Koha item type Open Shelf
Holdings
Withdrawn status Lost status Source of classification or shelving scheme Damaged status Not for loan Home library Current library Date acquired Source of acquisition Inventory number Total Checkouts Full call number Barcode Date last seen Price effective from Koha item type
    Dewey Decimal Classification     MUST Main Library MUST Main Library 05/07/2024 donation 11/35392   361.3 CRA 2003 2024-21799 05/07/2024 05/07/2024 Open Shelf